00358nam a2200145Ia 4500003000400000005001700004008004100021040000700062041000800069082001900077100003100096245003500127260003700162365001300199OSt20230602114056.0210423s2003 xx 000 0 und d cAL aeng a374 223bSISG aSISODIA (Yathindra Singh). aGirls literacy in rural india. aJaipurbRawat Publicationsc2003 b475cINR